Statistics for Largest City In Each State

Click here to take the quiz!

General Stats

  • This quiz has been taken 95 times
  • The average score is 37 of 50

Answer Stats

StateAnswer% Correct
CaliforniaLos Angeles
98%
ColoradoDenver
96%
IllinoisChicago
94%
New YorkNew York City
94%
MassachusettsBoston
93%
GeorgiaAtlanta
89%
MississippiJackson
89%
NevadaLas Vegas
89%
ArizonaPhoenix
89%
HawaiiHonolulu
87%
TexasHouston
87%
LouisianaNew Orleans
87%
PennsylvaniaPhiladelphia
87%
IndianaIndianapolis
86%
MainePortland
85%
OregonPortland
85%
AlaskaAnchorage
83%
MichiganDetroit
83%
IdahoBoise
82%
MissouriKansas City
82%
FloridaJacksonville
80%
KentuckyLouisville
80%
WashingtonSeattle
80%
ArkansasLittle Rock
79%
TennesseeNashville
79%
OklahomaOklahoma City
79%
UtahSalt Lake City
79%
MarylandBaltimore
76%
OhioColumbus
76%
North CarolinaCharlotte
75%
MinnesotaMinneapolis
75%
IowaDes Moines
73%
AlabamaBirmingham
70%
New MexicoAlbuquerque
68%
NebraskaOmaha
65%
WisconsinMilwaukee
64%
New JerseyNewark
64%
West VirginiaCharleston
62%
South CarolinaCharleston
62%
Rhode IslandProvidence
58%
WyomingCheyenne
55%
KansasWichita
51%
MontanaBillings
50%
North DakotaFargo
49%
VirginiaVirginia Beach
48%
South DakotaSioux Falls
44%
DelawareWilmington
44%
VermontBurlington
37%
New HampshireManchester
33%
ConnecticutBridgeport
31%

Score Distribution

Percentile by Number Answered

Percent of People with Each Score

Your Score History

You have not taken this quiz